Les 10 villes de Belgique les plus peuplées commençant par C - Statistiques

Statistiques générales
  • Ce quiz a été pris 23 fois
  • Le résultat moyen est 3 sur 10
Statistiques - réponses
# Ville Population % Correct
1 Charleroi 204.322
95%
2 Courtrai 80.032
64%
10 Ciney 17.183
32%
3 Châtelet 35.595
27%
9 Comines-Warmeton 18.391
18%
7 Colfontaine 20.745
14%
4 Courcelles 31.337
14%
5 Coxyde 21.546
14%
8 Chaudfontaine 20.600
9%
6 Cortenbergh 21.165
0%
Aucun quiz correspondant
Distribution des résultats
% des personnes avec chaque résultat
Percentile par nombre de réponses
Votre historique - résultats
Vous n’avez pas pris ce quiz